Advanced Differential Equations (Record no. 30170)
[ view plain ]
| 000 -LEADER | |
|---|---|
| fixed length control field | 00585 a2200169 4500 |
| 020 ## - INTERNATIONAL STANDARD BOOK NUMBER | |
| International Standard Book Number | 8171418260 |
| 082 ## - DEWEY DECIMAL CLASSIFICATION NUMBER | |
| Classification number | 515.35 |
| 090 ## - LOCALLY ASSIGNED LC-TYPE CALL NUMBER (OCLC); LOCAL CALL NUMBER (RLIN) | |
| -- | 1560 |
| -- | 1560 |
| 100 ## - MAIN ENTRY--PERSONAL NAME | |
| Personal name | Sharma, A. K. |
| 245 ## - TITLE STATEMENT | |
| Title | Advanced Differential Equations |
| Remainder of title | For M.A, M.Sc., M.Com., I.A.S., P.C.S. |
| Statement of responsibility, etc. | A. K. Sharma |
| 260 ## - PUBLICATION, DISTRIBUTION, ETC. | |
| Place of publication, distribution, etc. | New Delhi |
| Name of publisher, distributor, etc. | Discovery Publishing |
| Date of publication, distribution, etc. | 2004 |
| 300 ## - PHYSICAL DESCRIPTION | |
| Extent | 484 |
| 440 ## - SERIES STATEMENT/ADDED ENTRY--TITLE | |
| Title | DPH Mathematics Series |
| 830 ## - SERIES ADDED ENTRY--UNIFORM TITLE | |
| Uniform title | DPH Mathematics Series |
| 942 ## - ADDED ENTRY ELEMENTS (KOHA) | |
| Institution code [OBSOLETE] | SNS |
| Koha item type | Book |
| Call number prefix | 515.35 SHA |
| Withdrawn status | Lost status | Source of classification or shelving scheme | Damaged status | Not for loan | Permanent Location | Current Location | Shelving location | Date acquired | Full call number | Barcode | Date last seen | Price effective from | Koha item type |
|---|---|---|---|---|---|---|---|---|---|---|---|---|---|
| Not For Loan | School of Natural Sciences (SNS) | School of Natural Sciences (SNS) | Reference | 05/26/2016 | 515.35 SHA | SNS0000846 | 07/01/2021 | 05/26/2016 | Book |
